000 00311nam a2200133 i 4500
001 bg
100 1 _aSPYCHALSKI, Cz.
245 0 _aRadiestezja w domu i w ogrodzie /
_cCz. Spychalski.
260 _aPoznaƄ,
_c1983.
040 _cBPK
041 _apol
942 _cKS
008 s pl f |000 0 pol
999 _c1128
_d1128
856 _uhttp://koha.tu.koszalin.pl/cgi-bin/koha/opac-detail.pl?biblionumber=1128
_yKatalog online BPK